Solved problems in classical mechanics : (Record no. 6825)

MARC details
000 -LEADER
fixed length control field 00646 a2200205 4500
003 - CONTROL NUMBER IDENTIFIER
control field OSt
005 - DATE AND TIME OF LATEST TRANSACTION
control field 20210319125928.0
008 - FIXED-LENGTH DATA ELEMENTS--GENERAL INFORMATION
fixed length control field 210319b ||||| |||| 00| 0 eng d
020 ## - INTERNATIONAL STANDARD BOOK NUMBER
International Standard Book Number 9780199582518
040 ## - CATALOGING SOURCE
Transcribing agency DLC
082 ## - DEWEY DECIMAL CLASSIFICATION NUMBER
Classification number 531 LAN
Item number 2010
100 ## - MAIN ENTRY--PERSONAL NAME
Personal name Lange, O L .de
9 (RLIN) 13984
245 ## - TITLE STATEMENT
Title Solved problems in classical mechanics :
Remainder of title analytical and numerical solutions with comments /
Statement of responsibility, etc. O.L. de Lange, J.Pierrus
260 ## - PUBLICATION, DISTRIBUTION, ETC. (IMPRINT)
Place of publication, distribution, etc. Oxford
Name of publisher, distributor, etc. Oxford University Press
Date of publication, distribution, etc. 2010
300 ## - PHYSICAL DESCRIPTION
Extent vi,599p;
Other physical details ill :
Dimensions 25cm.
505 ## - FORMATTED CONTENTS NOTE
Formatted contents note Includes index and bibliographical references
650 ## - SUBJECT ADDED ENTRY--TOPICAL TERM
Source of heading or term Physics
700 ## - ADDED ENTRY--PERSONAL NAME
Personal name Pierrus, J
9 (RLIN) 13985
942 ## - ADDED ENTRY ELEMENTS (KOHA)
Source of classification or shelving scheme Dewey Decimal Classification
Koha item type Open Shelf
Holdings
Withdrawn status Lost status Source of classification or shelving scheme Damaged status Not for loan Home library Current library Date acquired Source of acquisition Inventory number Total Checkouts Full call number Barcode Date last seen Date last checked out Price effective from Koha item type
    Dewey Decimal Classification     MUST Main Library MUST Main Library 19/03/2021 Donation 2011/35249 1 531 LAN 2010 2021-0282 01/04/2021 19/03/2021 19/03/2021 Open Shelf